House prices on the up (Record no. 65301)
[ view plain ]
| 000 -LEADER | |
|---|---|
| fixed length control field | 00844cam a2200205 4500 |
| 001 - CONTROL NUMBER | |
| control field | WB3645-19 |
| 008 - FIXED-LENGTH DATA ELEMENTS--GENERAL INFORMATION | |
| fixed length control field | 000000n2000 000 0 eng u |
| 035 ## - SYSTEM CONTROL NUMBER | |
| System control number | (Sirsi) u109390 |
| 245 ## - TITLE STATEMENT | |
| Title | House prices on the up |
| 260 ## - PUBLICATION, DISTRIBUTION, ETC. | |
| Date of publication, distribution, etc. | 2000 |
| 490 ## - SERIES STATEMENT | |
| Series statement | RICS Press Release |
| Volume/sequential designation | (pr130) 16 November 2000 (3) |
| 520 ## - SUMMARY, ETC. | |
| Summary, etc. | The latest RICS housing market survey reveals that house prices in England and Wales are beginning to rise for the first time in five months. In October the difference between reported price rises and falls was 7%, whereas in September, 3% more surveyors were reporting a fall against those reporting an increase. |
| 590 ## - LOCAL NOTE (RLIN) | |
| Local note | WB |
| 650 ## - SUBJECT ADDED ENTRY--TOPICAL TERM | |
| Topical term or geographic name entry element | RICS SURVEY |
| 650 ## - SUBJECT ADDED ENTRY--TOPICAL TERM | |
| Topical term or geographic name entry element | HOUSING MARKET |
| 650 ## - SUBJECT ADDED ENTRY--TOPICAL TERM | |
| Topical term or geographic name entry element | PRICE RISES |
| 650 ## - SUBJECT ADDED ENTRY--TOPICAL TERM | |
| Topical term or geographic name entry element | HOUSE PRICES |
| 690 ## - LOCAL SUBJECT ADDED ENTRY--TOPICAL TERM (OCLC, RLIN) | |
| Topical term or geographic name as entry element | PROPERTY-RESIDENTIAL PROPERTY-RESIDENTIAL PROPERTY MARKET |
| 942 ## - ADDED ENTRY ELEMENTS (KOHA) | |
| Suppress in OPAC | 0 |
| Withdrawn status | Lost status | Source of classification or shelving scheme | Damaged status | Not for loan | Home library | Current library | Shelving location | Date acquired | Total Checkouts | Full call number | Barcode | Date last seen | Copy number | Price effective from | Koha item type |
|---|---|---|---|---|---|---|---|---|---|---|---|---|---|---|---|
| Dewey Decimal Classification | London | London | News article | 16/11/2000 | WB3645-19 | 109390-1001 | 06/08/2019 | 1 | 06/08/2019 | News article |